000 00489nam a2200169Ia 4500
999 _c12059
_d12059
003 OSt
005 20201023112312.0
008 190216s9999||||xx |||||||||||||| ||und||
040 _coclc
082 _a823.912
_bCHR/M
100 _aChristie, Agatha
_95075
245 4 _aThe Mysterious Affair At Styles /
_cAgatha Christie
260 _bLongmans ,
_c1965.
_aLondon:
300 _a181p
650 _aEnglish Essay
942 _cBK
_2ddc
_h823.912
_iCHR/M
_k823.912
_mCHR/M